[Event "I Magistral Silla & l'Alcudia Crespins"]
[Site "?"]
[Date "2009.02.09"]
[Round "1.1"]
[White "Ortiz Suarez, Isam"]
[Black "Valmaña Canto, Jaime"]
[Result "1/2-1/2"]
[WhiteElo "2522"]
[BlackElo "2343"]
[PlyCount "69"]
[EventDate "2009.02.10"]
[SourceDate "2009.02.10"]

1. d4 d5 2. c4 c6 3. Nf3 Nf6 4. e3 a6 5. Nc3 e6 6. b3 c5 7. cxd5 exd5 8. Bb2
Nc6 9. Be2 Bg4 10. O-O Bxf3 11. Bxf3 cxd4 12. exd4 Be7 13. a3 O-O 14. b4 b5 15.
Qd3 Qd7 16. Bc1 a5 17. bxa5 Rxa5 18. Bg5 b4 19. axb4 Nxb4 20. Qd2 Rxa1 21. Rxa1
h6 22. Bh4 Rc8 23. h3 Qc6 24. Rc1 Ne4 25. Bxe4 Bxh4 26. Bf5 Ra8 27. Na2 Qf6 28.
Bh7+ Kxh7 29. Nxb4 Qf5 30. Re1 Bf6 31. Nc6 Rc8 32. Ne5 Rc2 33. Qe3 Bxe5 34.
dxe5 Rc4 35. g4 1/2-1/2

[Event "I Magistral Silla & l'Alcudia Crespins"]
[Site "?"]
[Date "2009.02.09"]
[Round "1.2"]
[White "Cucarella Montell, Angels"]
[Black "Calvo Alfonso, Vicente"]
[Result "0-1"]
[WhiteElo "1954"]
[BlackElo "2202"]
[PlyCount "62"]
[EventDate "2009.02.10"]
[SourceDate "2009.02.10"]

1. e4 e6 2. d4 d5 3. Nc3 Nf6 4. e5 Nfd7 5. f4 c5 6. Nf3 Nc6 7. Be3 a6 8. Qd2 b5
9. a3 Bb7 10. Ne2 g6 11. g4 h5 12. gxh5 Rxh5 13. Ng3 Rh8 14. dxc5 Bxc5 15. Bxc5
Nxc5 16. Bg2 Qb6 17. Ng5 Rh4 18. Nf3 Rh8 19. Ng5 Rh4 20. Nf3 Rh8 21. Ng5 Rc8
22. h4 b4 23. a4 b3 24. c3 Na5 25. Kd1 Nc4 26. Qe2 Nd3 27. Rb1 Nf2+ 28. Kc1
Nxh1 29. Nxh1 Rxh4 30. Nf2 Rxf4 31. Ng4 Qg1+ 0-1

[Event "I Magistral Silla & l'Alcudia Crespins"]
[Site "?"]
[Date "2009.02.09"]
[Round "1.3"]
[White "Fenollar Jorda, Manuel"]
[Black "Torres Sanchez, Jose"]
[Result "1/2-1/2"]
[WhiteElo "2341"]
[BlackElo "2330"]
[PlyCount "64"]
[EventDate "2009.02.10"]
[SourceDate "2009.02.10"]

1. d4 d5 2. Nf3 Nf6 3. e3 e6 4. Bd3 c5 5. c3 Nc6 6. Nbd2 Bd6 7. O-O O-O 8. dxc5
Bxc5 9. e4 h6 10. Qe2 Qc7 11. e5 Ng4 12. Nb3 Bb6 13. Nbd4 f6 14. Nxc6 bxc6 15.
Bf4 fxe5 16. Bg3 Qe7 17. Bxe5 Bc7 18. Bxc7 Qxc7 19. h3 Rxf3 20. hxg4 Rf6 21.
Rae1 Bd7 22. Qe5 Qxe5 23. Rxe5 g5 24. f3 Kf8 25. Rfe1 Ke7 26. Rf5 Raf8 27. Rxf6
Rxf6 28. Kf2 Kd6 29. Ke3 e5 30. c4 d4+ 31. Kd2 c5 32. Be4 Be8 1/2-1/2

[Event "I Magistral Silla & l'Alcudia Crespins"]
[Site "?"]
[Date "2009.02.09"]
[Round "1.4"]
[White "Dolezal, Cristian"]
[Black "Ibañez Aullana, Jose Ramon"]
[Result "1-0"]
[WhiteElo "2411"]
[BlackElo "2308"]
[PlyCount "151"]
[EventDate "2009.02.10"]
[SourceDate "2009.02.10"]

1. g3 d5 2. Bg2 Nf6 3. Nf3 e6 4. c4 Be7 5. O-O O-O 6. b3 a5 7. Bb2 a4 8. d3 a3
9. Bc3 Nc6 10. e3 b5 11. Nbd2 Ba6 12. Rc1 dxc4 13. dxc4 b4 14. Ba1 Rb8 15. Qc2
Nd7 16. Rfd1 Bb7 17. Ne4 h6 18. Rd3 Qe8 19. g4 Rd8 20. g5 Nc5 21. Nxc5 Bxc5 22.
gxh6 gxh6 23. Kh1 f5 24. Rg1 Kf7 25. Rxd8 Qxd8 26. Ne5+ Nxe5 27. Bxb7 Ng6 28.
Bd5 exd5 29. Qxf5+ Ke7 30. Qxg6 Kd7 31. Qg4+ Kc6 32. Qe6+ Kb7 33. cxd5 Bd6 34.
Rg2 Qh4 35. Qd7 Rxf2 36. Qc6+ Kb8 37. Qe8+ Kb7 38. Qb5+ Kc8 39. Rg8+ Rf8 40.
Rxf8+ Bxf8 41. Qe8+ Kb7 42. Qxf8 Qe4+ 43. Kg1 Qb1+ 44. Qf1 Qg6+ 45. Kf2 Qf5+
46. Ke2 Qc2+ 47. Kf3 Qf5+ 48. Kg2 Qg6+ 49. Kf2 Qf5+ 50. Ke1 Qb1+ 51. Ke2 Qxa2+
52. Kf3 Qxb3 53. Qb5+ Kc8 54. Qe8+ Kb7 55. Qc6+ Kc8 56. Qe8+ Kb7 57. Qb5+ Kc8
58. Be5 Qd1+ 59. Kf4 Qh5 60. Qa6+ Kb8 61. Qb6+ Ka8 62. Qc6+ Ka7 63. Qxc7+ Ka6
64. Qc6+ Ka7 65. Qa4+ Kb7 66. Qxb4+ Ka6 67. Qxa3+ Kb5 68. Qb3+ Ka6 69. Qa4+ Kb7
70. Qc6+ Ka7 71. Bd4+ Kb8 72. Qb6+ Kc8 73. Qa6+ Kd7 74. Qc6+ Ke7 75. Bf6+ Kf8
76. Qd6+ 1-0

[Event "I Magistral Silla & l'Alcudia Crespins"]
[Site "?"]
[Date "2009.02.09"]
[Round "1.5"]
[White "Spassov, Liuben"]
[Black "Molina Rodríguez, Jorge"]
[Result "1-0"]
[WhiteElo "2417"]
[BlackElo "2343"]
[PlyCount "107"]
[EventDate "2009.02.10"]
[SourceDate "2009.02.10"]

1. d4 d5 2. c4 e6 3. Nf3 c5 4. cxd5 exd5 5. g3 Nc6 6. Bg2 Nf6 7. O-O Be7 8. Nc3
O-O 9. Bg5 Bf5 10. Rc1 c4 11. Ne5 Re8 12. e3 h6 13. Bxf6 Bxf6 14. Ng4 Bxg4 15.
Qxg4 Ne7 16. Qf3 Rb8 17. Nxd5 Nxd5 18. Qxd5 Qxd5 19. Bxd5 b5 20. b3 cxb3 21.
axb3 Bd8 22. Rc5 a6 23. Ra1 Bb6 24. Rc6 a5 25. Rd6 Red8 26. Rxd8+ Bxd8 27. Rc1
Kf8 28. Be4 Ke7 29. Kf1 g6 30. h4 h5 31. Ke2 Bb6 32. Rc2 Rd8 33. Bd3 b4 34. Bb5
Rb8 35. Ba4 Bd8 36. Rc6 Bb6 37. Kd2 Rb7 38. Rc8 Rc7 39. Re8+ Kd6 40. Rd8+ Ke7 {
Ilegible y faltan jugadas en ambas planillas} 41. Rd5 Rb7 42. Kd3 Rc7 43. Ke4
Rc8 44. Rb5 Rc6 45. Rxh5 f5+ 46. Kf4 Rc2 47. Rh7+ Kf6 48. Kf3 Rc3 49. Kg2 Bc7
50. Bb5 Bd8 51. Ra7 Bc7 52. Bc4 Rxc4 53. bxc4 Bb6 54. Ra6 1-0

[Event "I Magistral Silla & l'Alcudia Crespins"]
[Site "?"]
[Date "2009.02.10"]
[Round "2.1"]
[White "Valmaña Canto, Jaime"]
[Black "Molina Rodríguez, Jorge"]
[Result "1-0"]
[WhiteElo "2343"]
[BlackElo "2105"]
[PlyCount "93"]
[EventDate "2009.02.10"]
[SourceDate "2009.02.10"]

1. e4 c6 2. d4 d5 3. e5 c5 4. Nf3 Nc6 5. c4 cxd4 6. cxd5 Qxd5 7. Nc3 Qd8 8. Nb5
Bg4 9. Nbxd4 Bxf3 10. Nxf3 Qxd1+ 11. Kxd1 e6 12. Bb5 Nge7 13. Be3 a6 14. Ba4
Rc8 15. Ke2 Nd5 16. Rac1 b5 17. Bb3 Nxe3 18. Kxe3 g6 19. Nd4 Bh6+ 20. f4 Kd7
21. Nxc6 Rxc6 22. Rhd1+ Kc7 23. Rxc6+ Kxc6 24. Rd6+ Kc7 25. Rxa6 Rb8 26. Bc2
Bf8 27. Be4 Bc5+ 28. Kf3 Bb6 29. Kg4 h6 30. Ra3 b4 31. Rh3 Rh8 32. Rb3 Bc5 33.
a4 h5+ 34. Kf3 Rd8 35. Bd3 Kb6 36. Bb5 Ka5 37. Ke2 Bd4 38. Rd3 Kb6 39. Kf3 Kc5
40. Ke4 f5+ 41. exf6 Bxf6 42. Rxd8 Bxd8 43. b3 h4 44. g4 g5 45. fxg5 Bxg5 46.
Ke5 Bd8 47. h3 1-0

[Event "I Magistral Silla & l'Alcudia Crespins"]
[Site "?"]
[Date "2009.02.10"]
[Round "2.2"]
[White "Ibañez Aullana, Jose Ramon"]
[Black "Spassov, Liuben"]
[Result "1/2-1/2"]
[WhiteElo "2308"]
[BlackElo "2417"]
[PlyCount "32"]
[EventDate "2009.02.10"]
[SourceDate "2009.02.10"]

1. d4 Nf6 2. Nf3 e6 3. Bg5 c5 4. e3 b6 5. Nbd2 Bb7 6. Bd3 cxd4 7. exd4 Be7 8.
c3 Nc6 9. O-O O-O 10. Qe2 Nd5 11. Bxe7 Ncxe7 12. g3 Ng6 13. Ba6 Bc6 14. Bb5 Bb7
15. Ba6 Bc6 16. Bb5 Bb7 1/2-1/2

[Event "I Magistral Silla & l'Alcudia Crespins"]
[Site "?"]
[Date "2009.02.10"]
[Round "2.3"]
[White "Torres Sanchez, Jose"]
[Black "Dolezal, Cristian"]
[Result "0-1"]
[WhiteElo "2330"]
[BlackElo "2411"]
[PlyCount "160"]
[EventDate "2009.02.10"]
[SourceDate "2009.02.10"]

1. e4 e5 2. Nf3 Nc6 3. Bb5 a6 4. Ba4 Nf6 5. O-O b5 6. Bb3 Bc5 7. c3 d6 8. d4
Bb6 9. a4 Bb7 10. Re1 O-O 11. Na3 h6 12. h3 exd4 13. cxd4 d5 14. e5 Ne4 15. Be3
b4 16. Nc2 a5 17. Bf4 Ne7 18. Rc1 Ng6 19. Be3 f5 20. exf6 Qxf6 21. Bxh6 Nxf2
22. Kxf2 gxh6 23. Kg1 Nf4 24. Ne5 Qg7 25. Qg4 Qxg4 26. hxg4 Rad8 27. Rcd1 c5
28. dxc5 Bxc5+ 29. Kh1 Kg7 30. Nd4 Bxd4 31. Rxd4 Ne6 32. Rd2 Nc5 33. Rc2 Rc8
34. Rxc5 Rxc5 35. Nd7 Rc7 36. Nxf8 Kxf8 37. Re6 Re7 38. Rxh6 Re2 39. Rh8+ Kg7
40. Rd8 Kf6 41. Bxd5 (41. g5+) 41... Ke7 42. Bxb7 Kxd8 43. b3 Rd2 44. Be4 Ke7
45. Kh2 Kf6 46. Kh3 Ke5 47. Bh7 Rd1 48. Kg3 Rc1 49. Bg8 Rc8 50. Bf7 Kf6 51. Bd5
Rc5 52. Bg8 Kg5 53. Kf3 Rc3+ 54. Ke4 Kxg4 55. Kd4 Kf4 56. Bc4 Rc2 57. g3+ Kxg3
58. Kc5 Kf4 59. Kb5 Ke5 60. Bf7 Rc7 61. Bg8 Rc8 62. Bh7 Kd4 63. Bg6 Kc3 64. Bf7
Rf8 65. Be6 Rf6 66. Bg8 Rg6 67. Bf7 Rg7 68. Be6 Rg5+ 69. Kb6 Kb2 70. Bc4 Re5
71. Bg8 Re3 72. Kxa5 Rxb3 73. Kb6 Rg3 74. Bd5 Rg6+ 75. Kb7 Kc3 76. Be4 Re6 77.
Bd5 Re5 78. Bg8 b3 79. Kb6 b2 80. Bh7 Kb4 0-1

[Event "I Magistral Silla & l'Alcudia Crespins"]
[Site "?"]
[Date "2009.02.10"]
[Round "2.4"]
[White "Calvo Alfonso, Vicente"]
[Black "Fenollar Jorda, Manuel"]
[Result "0-1"]
[WhiteElo "2202"]
[BlackElo "2341"]
[PlyCount "64"]
[EventDate "2009.02.10"]
[SourceDate "2009.02.10"]

1. d4 d5 2. Nc3 e6 3. e4 Bb4 4. exd5 exd5 5. Qf3 Nc6 6. Be3 Nge7 7. Bd3 Be6 8.
Nge2 Qd7 9. O-O h5 10. h3 O-O-O 11. Nb5 Nf5 12. Bf4 Ba5 13. c3 a6 14. a4 Rdg8
15. Bh2 g5 16. b4 g4 17. Qf4 gxh3 18. bxa5 hxg2 19. Rfb1 Rg4 20. Qf3 (20. Qxc7+
Qxc7 21. Nxc7 Nh4 22. Bg3) 20... Nh4 21. Qe3 Bf5 22. Nxc7 Be4 23. Rxb7 Nf3+ 24.
Qxf3 Bxf3 25. Bxa6 Kd8 26. Nb5 Qe6 27. Bc7+ Ke8 28. Bd6 Qf5 29. Nc7+ Kd8 30.
Nb5 Rh4 31. Bc7+ Ke8 32. Ng3 Rh1+ 0-1

[Event "I Magistral Silla & l'Alcudia Crespins"]
[Site "?"]
[Date "2009.02.11"]
[Round "3.1"]
[White "Cucarella Montell, Angels"]
[Black "Valmaña Canto, Jaime"]
[Result "0-1"]
[WhiteElo "1954"]
[BlackElo "2343"]
[PlyCount "73"]
[EventDate "2009.02.10"]
[SourceDate "2009.02.10"]

1. e4 e6 2. d4 d5 3. Nc3 Nf6 4. e5 Nfd7 5. f4 c5 6. Nf3 Nc6 7. Be3 Qb6 8. Na4
Qa5+ 9. c3 cxd4 10. b4 Nxb4 11. cxb4 Bxb4+ 12. Bd2 Bxd2+ 13. Nxd2 O-O 14. Bd3
b5 15. Nb2 Nb6 16. Qc2 Nc4 17. Ke2 Bd7 18. Nb3 Qa3 19. Nd1 f6 20. Bxh7+ Kh8 21.
exf6 (21. Qd3 fxe5 22. Qh3 Rxf4 23. g3 Rf7 24. Bg6+ Kg8) 21... Rxf6 22. Rf1 e5
23. h3 e4 24. Nxd4 Kxh7 25. Rb1 Qg3 26. Qc3 Qxg2+ 27. Rf2 Qg6 28. Ne3 Qh5+ 29.
Ke1 Qxh3 30. Nxd5 Qh1+ 31. Rf1 Qh4+ 32. Rf2 Rg6 33. Ne2 Rg2 34. Qd4 e3 35. Qe4+
Rg6 36. Nxe3 Re8 37. Nf5 0-1

[Event "I Magistral Silla & l'Alcudia Crespins"]
[Site "?"]
[Date "2009.02.11"]
[Round "3.2"]
[White "Fenollar Jorda, Manuel"]
[Black "Ortiz Suarez, Isam"]
[Result "1/2-1/2"]
[WhiteElo "2341"]
[BlackElo "2522"]
[PlyCount "141"]
[EventDate "2009.02.10"]
[SourceDate "2009.02.10"]

1. d4 g6 2. c4 Bg7 3. e4 d6 4. Nc3 Nc6 5. Be3 e5 6. d5 Nce7 7. c5 Nf6 8. cxd6
cxd6 9. Bb5+ Nd7 10. Nf3 O-O 11. O-O f5 12. Ng5 Nf6 13. f3 Bh6 14. Bc1 Bxg5 15.
Bxg5 f4 16. Qd2 Kg7 17. Rfc1 h6 18. Bh4 a6 19. Bf1 Bd7 20. a4 g5 21. Bf2 g4 22.
a5 gxf3 23. gxf3 Kh8 24. Kh1 Rg8 25. Na4 Qe8 26. Nb6 Qh5 27. Ra3 Rad8 28. Nxd7
Rxd7 29. Be2 Ng6 30. Rg1 Rdg7 31. Raa1 Nh4 32. Bxh4 Qxh4 33. Rxg7 Rxg7 34. Rg1
Qf2 35. Rxg7 Kxg7 36. Qd1 Kf8 37. b4 Qe3 38. Qf1 Qc3 39. Qb1 Qd2 40. Bf1 h5 41.
b5 Qxa5 42. bxa6 bxa6 43. Qd3 Qe1 44. Qxa6 Kf7 45. Qe2 Qc1 46. Kg2 Kg6 47. Qc4
Qe3 48. Qc8 Qd2+ 49. Kg1 Qd4+ 50. Kg2 Qb2+ 51. Kg1 Qb6+ 52. Kg2 Kg7 53. Qa6 Qd8
54. Qa7+ Kg6 55. Bb5 h4 56. Bc6 Qc8 57. Qb7 h3+ 58. Kf1 Qd8 59. Qa7 Qf8 60. Bd7
Qh6 61. Bf5+ Kg5 62. Qe7 Kh4 63. Qe6 (63. Ke2) (63. Qxd6) 63... Qg5 64. Bxh3
Nxe4 65. fxe4 f3 66. Qf5 (66. Qc8) 66... Qc1+ 67. Kf2 Qd2+ 68. Kxf3 Qe3+ (68...
Qf2+ 69. Kxf2) 69. Kg2 Qe2+ 70. Kh1 Qxh2+ 71. Kxh2 1/2-1/2

[Event "I Magistral Silla & l'Alcudia Crespins"]
[Site "?"]
[Date "2009.02.11"]
[Round "3.3"]
[White "Dolezal, Cristian"]
[Black "Calvo Alfonso, Vicente"]
[Result "0-1"]
[WhiteElo "2411"]
[BlackElo "2202"]
[PlyCount "84"]
[EventDate "2009.02.10"]
[SourceDate "2009.02.10"]

1. Nf3 g6 2. e4 Bg7 3. d4 d6 4. Nc3 Nf6 5. h3 c5 6. dxc5 Qa5 7. Bd3 Qxc5 8. O-O
Be6 9. Nd4 Qxd4 10. Be3 Qb4 11. Nb5 Qa5 12. b4 Qd8 13. Nxa7 O-O 14. a4 Nc6 15.
Nxc6 bxc6 16. a5 Nd7 17. Rb1 c5 18. bxc5 Nxc5 19. Bd2 Nxd3 20. cxd3 Qd7 21. Qc1
f5 22. Qa3 f4 23. f3 Bd4+ 24. Kh2 g5 25. a6 Ra7 26. Qa5 h6 27. Rb4 Bc5 28. Ra4
Rfa8 29. Rb1 Rxa6 30. Qxa6 Rxa6 31. Rxa6 Bf2 32. Ra8+ Kf7 33. Be1 Bxe1 34. Rxe1
Qb7 35. Raa1 Qb2 36. Rab1 Qf2 37. Rf1 Qe3 38. Rfd1 h5 39. d4 d5 40. Re1 Qf2 41.
exd5 Bxh3 42. Rg1 Bf5 0-1

[Event "I Magistral Silla & l'Alcudia Crespins"]
[Site "?"]
[Date "2009.02.11"]
[Round "3.4"]
[White "Spassov, Liuben"]
[Black "Torres Sanchez, Jose"]
[Result "1/2-1/2"]
[WhiteElo "2417"]
[BlackElo "2330"]
[PlyCount "71"]
[EventDate "2009.02.10"]
[SourceDate "2009.02.10"]

1. d4 Nf6 2. c4 e6 3. Nf3 d5 4. g3 Be7 5. Bg2 dxc4 6. O-O O-O 7. Qc2 a6 8. a4
Nbd7 9. Nbd2 Rb8 10. Nxc4 Nd5 11. e4 Nb4 12. Qb3 b5 13. axb5 Rxb5 14. Qd1 Bb7
15. Nfd2 Ba8 16. Nb3 Qb8 17. Na3 Rb6 18. Na5 Nc6 19. N5c4 Rb3 20. Bf4 Rb4 21.
d5 exd5 22. exd5 Na7 23. Qe2 Bf6 24. Nc2 Rb5 25. Rfd1 Re8 26. N2e3 Nc5 27. Qg4
Nc8 28. d6 cxd6 29. Nxd6 Nxd6 30. Rxd6 h5 31. Qxh5 Ne6 32. Qd1 Nxf4 33. gxf4
Bxg2 34. Kxg2 Rxb2 35. Rxf6 Rxe3 36. Rfxa6 1/2-1/2

[Event "I Magistral Silla & l'Alcudia Crespins"]
[Site "?"]
[Date "2009.02.11"]
[Round "3.5"]
[White "Molina Rodriguez, Jorge"]
[Black "Ibañez Aullana, Jose Ramon"]
[Result "1/2-1/2"]
[WhiteElo "2105"]
[BlackElo "2308"]
[PlyCount "192"]
[EventDate "2009.02.10"]
[SourceDate "2009.02.10"]

1. Nf3 Nf6 2. c4 c5 3. Nc3 d6 4. d4 cxd4 5. Nxd4 Nc6 6. g3 Qb6 7. Nc2 Ne5 8.
Ne3 e6 9. Bg2 Bd7 10. Qb3 Bc6 11. Qxb6 axb6 12. O-O Be7 13. b3 O-O 14. Bb2 Rfd8
15. Rfd1 Ne8 16. Nc2 Nc7 17. Nd4 Bf6 18. e4 Be8 19. Rd2 Nd7 20. Ncb5 Nxb5 21.
Nxb5 Bxb2 22. Rxb2 Nc5 23. Nc7 Ra3 24. Nxe8 Rxe8 25. Rd1 Rea8 26. Rxd6 Kf8 27.
Rxb6 Rxa2 28. Rxa2 Rxa2 29. h4 Ra1+ 30. Kh2 Rb1 31. b4 Nd3 32. Rxb7 Rxb4 33.
Rxb4 Nxb4 34. f4 e5 35. fxe5 Ke7 36. Bh3 Nd3 37. Kg2 Nxe5 38. c5 Nd3 39. Kf3
Nxc5 40. e5 Nd3 41. Bf5 Nxe5+ 42. Ke4 Nd7 43. Kf4 Nf8 44. Bb1 Kf6 45. Ba2 h6
46. Bb3 Ne6+ 47. Kg4 g6 48. Ba2 Nc5 49. Bb3 Nd3 50. Ba2 Ne5+ 51. Kf4 Nc6 52.
Bd5 Nb4 53. Bc4 Nc2 54. Bb3 Nd4 55. Bc4 Ne6+ 56. Kg4 h5+ 57. Kf3 Kf5 58. Bd3+
Ke5 59. Bc4 Nd4+ 60. Ke3 Nf5+ 61. Kf3 Nd6 62. Ba2 f5 63. Bg8 Nb5 64. Bf7 Kf6
65. Ba2 Nd4+ 66. Ke3 Ne6 67. Bc4 Ke5 68. Ba2 f4+ 69. gxf4+ Nxf4 70. Kf3 Ne6 71.
Bb1 Nd4+ 72. Kg3 Nf5+ 73. Kh3 Kf4 74. Ba2 Nd6 75. Bb3 Ne4 76. Ba4 Nf2+ 77. Kg2
Nd3 78. Kh3 Kf3 79. Bc6+ Kf2 80. Be8 Nf4+ 81. Kh2 Kf3 82. Bd7 Nd3 83. Be8 Ne5
84. Kh3 Kf4 85. Bb5 Nf3 86. Be8 Ne5 87. Bb5 Kf3 88. Be8 Nd3 89. Bc6+ Kf4 90.
Bd7 Nf2+ 91. Kg2 Nd3 92. Kh3 Nf2+ 93. Kg2 Ng4 94. Kh3 Nf6 95. Bb5 Nd5 96. Be8
Kf5 1/2-1/2

[Event "I Magistral Silla & l'Alcudia Crespins"]
[Site "?"]
[Date "2009.02.13"]
[Round "4.1"]
[White "Valmaña Canto, Jaime"]
[Black "Ibañez Aullana, Jose Ramon"]
[Result "1-0"]
[WhiteElo "2343"]
[BlackElo "2308"]
[PlyCount "135"]
[EventDate "2009.02.10"]
[SourceDate "2009.02.10"]

1. e4 Nf6 2. Nc3 d5 3. e5 d4 4. Nce2 Ng4 5. f4 h5 6. Nf3 Nc6 7. c3 d3 8. Ned4
Nxd4 9. cxd4 Bf5 10. Qb3 Be4 11. Bxd3 Bxd3 12. Qxd3 Qd5 13. O-O O-O-O 14. b4 e6
15. b5 Nh6 16. Bb2 Nf5 17. Rfc1 Kb8 18. a4 Be7 19. Rc4 Rc8 20. Rac1 Rhd8 21.
Qe2 h4 22. R1c2 Rd7 23. d3 c6 24. bxc6 Rxc6 25. Rxc6 bxc6 26. Rc4 Rb7 27. Bc1
Kc7 28. h3 Kd7 29. Kh2 Qa5 30. Bd2 Qb6 31. Be1 Qb3 32. Nd2 Qb2 33. Qe4 Rc7 34.
Nf3 Qa1 35. Qe2 Rb7 36. Qe4 Rc7 37. Bd2 Qd1 38. Be1 Ng3 39. Bxg3 hxg3+ 40. Kxg3
Qb3 41. f5 Qb8 42. Qg4 Bf8 43. Ng5 Qe8 44. fxe6+ fxe6 45. d5 cxd5 46. Nxe6 Rxc4
47. Nxf8+ Ke7 48. Ng6+ Kf7 49. dxc4 dxc4 50. e6+ Qxe6 51. Qxe6+ Kxe6 52. Kf4
Kd5 53. Ke3 Kc5 54. Ne5 a5 55. Kd2 Kb4 56. Nc6+ Kxa4 57. Kc3 Kb5 58. Ne5 Kc5
59. Nxc4 a4 60. h4 Kd5 61. Kd3 Ke6 62. Ke4 Kf6 63. g4 Kg6 64. Ke5 Kh6 65. Ke6
Kh7 66. Kf7 Kh6 67. g5+ Kh7 68. h5 1-0

[Event "I Magistral Silla & l'Alcudia Crespins"]
[Site "Alcudia de Crespins - Silla"]
[Date "2009.02.13"]
[Round "4.2"]
[White "Torres Sanchez, Jose"]
[Black "Molina Rodriguez, Jorge Luis"]
[Result "1/2-1/2"]
[WhiteElo "2330"]
[BlackElo "2105"]
[PlyCount "49"]
[EventDate "2009.02.09"]

1. Nf3 d5 2. d4 e6 3. c4 c5 4. cxd5 exd5 5. Nc3 Nc6 6. g3 Nf6 7. Bg2 Be7 8. O-O
O-O 9. Bg5 Bf5 10. dxc5 d4 11. Na4 Be4 12. Ne1 Bxg2 13. Nxg2 Re8 14. Rc1 Qd5
15. Bxf6 Bxf6 16. b3 Rad8 17. Nf4 Qe4 18. Re1 Bg5 19. Qd3 Bxf4 20. Qxe4 Rxe4
21. gxf4 Rxf4 22. Nb2 Rg4+ 23. Kf1 Re4 24. f3 Re3 25. Nd3 1/2-1/2

[Event "I Magistral Silla & l'Alcudia Crespins"]
[Site "?"]
[Date "2009.02.13"]
[Round "4.3"]
[White "Calvo Alfonso, Vicente"]
[Black "Spassov, Liuben"]
[Result "1/2-1/2"]
[WhiteElo "2202"]
[BlackElo "2417"]
[PlyCount "52"]
[EventDate "2009.02.10"]
[SourceDate "2009.02.10"]

1. d4 Nf6 2. Nf3 e6 3. Bf4 c5 4. e3 Qb6 5. Nc3 a6 6. a3 d5 7. Be2 cxd4 8. exd4
Bd7 9. Rb1 Nc6 10. O-O Be7 11. Re1 O-O 12. Bd3 Rac8 13. Ne2 Na5 14. c3 Bb5 15.
Bc2 Bxe2 16. Qxe2 Nc4 17. Bd3 Rfe8 18. Ne5 Nd6 19. Bg5 Qd8 20. Rbd1 Nfe4 21.
Bc1 Nf6 22. Bf4 g6 23. Bh6 Bf8 24. Bf4 Be7 25. Bh6 Bf8 26. Bf4 Be7 1/2-1/2

[Event "I Magistral Silla & l'Alcudia Crespins"]
[Site "Alcudia de Crespins - Silla"]
[Date "2009.02.13"]
[Round "4.4"]
[White "Ortiz Suarez, Isam"]
[Black "Dolezal, Cristian"]
[Result "0-1"]
[WhiteElo "2522"]
[BlackElo "2411"]
[PlyCount "56"]
[EventDate "2009.02.09"]

1. e4 e5 2. Nf3 Nc6 3. Bb5 a6 4. Ba4 Nf6 5. d3 b5 6. Bb3 Bc5 7. a4 Bb7 8. O-O
O-O 9. h3 h6 10. c3 d5 11. exd5 Nxd5 12. Re1 Nb6 13. a5 Nd7 14. Nbd2 Ba7 15.
Qe2 Re8 16. Nf1 Nc5 17. Bc2 Ne6 18. b4 Ne7 19. Nxe5 Nd5 20. Qf3 f6 21. Ng4 Nxb4
22. Nxh6+ gxh6 23. Qg4+ Kh8 24. Qxb4 Rg8 25. g3 Qd5 26. Qe4 Qc5 27. Qe3 Ng5 28.
Qxc5 Nf3+ 0-1

[Event "I Magistral Silla & l'Alcudia Crespins"]
[Site "Alcudia de Crespins - Silla"]
[Date "2009.02.13"]
[Round "4.5"]
[White "Cucarella Montell, Angels"]
[Black "Fenollar Jorda, Manuel"]
[Result "0-1"]
[WhiteElo "1954"]
[BlackElo "2341"]
[PlyCount "134"]
[EventDate "2009.02.09"]

1. e4 e5 2. Nf3 Nc6 3. Bb5 a6 4. Ba4 Nf6 5. d3 b5 6. Bb3 Bc5 7. Nc3 d6 8. Bg5
h6 9. Bh4 Nd4 10. Nxd4 Bxd4 11. Bd5 Rb8 12. Bc6+ Kf8 13. Qd2 Rb6 14. Bd5 c6 15.
Bb3 Rb7 16. Nd1 Be6 17. c3 Bb6 18. Ne3 g6 19. Bc2 Kg7 20. Rd1 Rd7 21. Qe2 Bxe3
22. Qxe3 Ng4 23. Bxd8 Nxe3 24. Bf6+ Kxf6 25. fxe3 d5 26. d4 exd4 27. exd4 dxe4
28. Bxe4 Bd5 29. O-O+ Kg7 30. Bxd5 Rxd5 31. Rfe1 Rhd8 32. b4 R8d7 33. Re8 c5
34. bxc5 Rxc5 35. Rd3 Rc4 36. Ra8 Ra4 37. Rd2 Ra3 38. Rc8 Kf6 39. Re2 b4 40.
Rc6+ Kg7 41. cxb4 Rxd4 42. Rb6 Ra4 43. Rb2 Rd1+ 44. Kf2 Ra1 45. Kf3 Ra3+ 46.
Kf2 R1xa2 47. Rxa2 Rxa2+ 48. Kf3 g5 49. h3 h5 50. Rc6 Ra3+ 51. Kf2 f6 52. Rc8
Kg6 53. Ra8 Ra4 54. Kf3 h4 55. Rb8 Kf5 56. Rb6 Ra3+ 57. Kf2 Ke5 58. Rc6 f5 59.
Rc5+ Ke4 60. Rc4+ Kd3 61. Rc5 g4 62. Rxf5 Ra2+ 63. Kf1 Ra1+ 64. Kf2 g3+ 65. Kf3
Rf1+ 66. Kg4 Rxf5 67. Kxf5 Ke3 0-1

[Event "I Magistral Silla & l'Alcudia Crespins"]
[Site "Alcudia de Crespins - Silla"]
[Date "2009.02.16"]
[Round "5.1"]
[White "Fenollar Jorda, Manuel"]
[Black "Valmaña Canto, Jaime"]
[Result "1-0"]
[WhiteElo "2341"]
[BlackElo "2343"]
[PlyCount "78"]
[EventDate "2009.02.09"]

1. d4 c5 2. e3 Nf6 3. c3 e6 4. Nf3 Nc6 5. Nbd2 d5 6. Bd3 Bd6 7. O-O O-O 8. dxc5
Bxc5 9. e4 e5 10. Qe2 Be6 11. exd5 Bxd5 12. Ne4 Nxe4 13. Bxe4 f5 14. Bxd5+ Qxd5
15. Rd1 Qe4 16. Qb5 Bb6 17. Re1 Qg4 18. h3 Qg6 19. Nxe5 Nxe5 20. Qxe5 f4 21.
Bxf4 Rf5 22. Qe4 Raf8 23. Be3 Bxe3 24. Rxe3 Rxf2 25. Qxb7 h5 26. Rae1 R8f7 27.
Qa8+ Kh7 28. R3e2 Qb6 29. Qe4+ g6 30. Qd4 Rxe2 31. Rxe2 Qa6 32. Re8 Rg7 33. Qd8
Rf7 34. Rh8+ Kg7 35. Qd4+ Rf6 36. Rd8 Qf1+ 37. Kh2 Kh6 38. h4 Qf5 39. Rd6 Rxd6
1-0

[Event "I Magistral Silla & l'Alcudia Crespins"]
[Site "Alcudia de Crespins - Silla"]
[Date "2009.02.16"]
[Round "5.2"]
[White "Dolezal, Cristian"]
[Black "Cucarella Montell, Angels"]
[Result "1-0"]
[WhiteElo "2411"]
[BlackElo "1954"]
[PlyCount "43"]
[EventDate "2009.02.09"]

1. e4 c5 2. Nf3 e6 3. c3 d5 4. e5 d4 5. cxd4 cxd4 6. Bb5+ Bd7 7. Bxd7+ Qxd7 8.
d3 Ne7 9. O-O Ng6 10. Re1 Nc6 11. Re4 Be7 12. Qe2 Qc7 13. Nbd2 Rd8 14. a4 O-O
15. Nc4 Rd5 16. h4 Rfd8 17. h5 Nf8 18. Rg4 f6 19. Bh6 Ng6 20. exf6 Bxf6 21.
Qxe6+ Kf8 22. Qxf6+ 1-0

[Event "I Magistral Silla & l'Alcudia Crespins"]
[Site "Alcudia de Crespins - Silla"]
[Date "2009.02.16"]
[Round "5.3"]
[White "Spassov, Liuben"]
[Black "Ortiz Suarez, Isam"]
[Result "1-0"]
[WhiteElo "2417"]
[BlackElo "2522"]
[PlyCount "104"]
[EventDate "2009.02.09"]

1. d4 d5 2. c4 c6 3. Nf3 Nf6 4. Qc2 e6 5. Bg5 Nbd7 6. Nbd2 Qa5 7. a3 Ne4 8. Bf4
Be7 9. c5 f5 10. h3 O-O 11. e3 Qd8 12. b4 Bf6 13. Rb1 Qe8 14. Be5 Nxe5 15. dxe5
Bd8 16. h4 b6 17. Nb3 bxc5 18. Nxc5 a5 19. Be2 axb4 20. axb4 Nxc5 21. Qxc5 Be7
22. Qc3 Bd7 23. g3 Ra4 24. Nd4 Qa8 25. O-O Rb8 26. b5 Ra3 27. Qc1 c5 28. Nc6
Bxc6 29. bxc6 Rxb1 30. Qxb1 Qxc6 31. Qb8+ Bf8 32. Rb1 Ra8 33. Rb6 Qa4 34. Qb7
Re8 35. Bb5 Qa1+ 36. Kh2 Re7 37. Bd7 Qxe5 38. Qc8 g6 39. Bxe6+ Kg7 40. Rb8 Qf6
41. Bxd5 Ra7 42. Bc4 h5 43. Bd5 Qd6 44. Bc4 Rc7 45. Qe8 Qe7 46. Qb5 Qd6 47. Rb6
Qd8 48. Qa6 Qe8 49. Re6 Re7 50. Rc6 Re4 51. Bd5 Re5 52. Rc7+ Kh8 1-0

[Event "I Magistral Silla & l'Alcudia Crespins"]
[Site "Alcudia de Crespins - Silla"]
[Date "2009.02.16"]
[Round "5.4"]
[White "Molina Rodriguez, Jorge Luis"]
[Black "Calvo Alfonso, Vicente"]
[Result "1/2-1/2"]
[WhiteElo "2105"]
[BlackElo "2202"]
[PlyCount "92"]
[EventDate "2009.02.09"]

1. Nf3 d5 2. c4 c6 3. cxd5 cxd5 4. d4 Nf6 5. Nc3 Nc6 6. Bf4 a6 7. e3 Bg4 8. h3
Bxf3 9. Qxf3 Qb6 10. Rb1 e6 11. Bd3 Nb4 12. Qd1 Be7 13. O-O Nxd3 14. Qxd3 O-O
15. Be5 Rac8 16. Rfc1 Qa5 17. Bxf6 Bxf6 18. b4 Qc7 19. Qd2 Qd7 20. Nd1 Be7 21.
Nb2 Bd6 22. Nd3 b6 23. Nb2 Rxc1+ 24. Rxc1 Rc8 25. a3 g6 26. Rc2 Rc7 27. Qc1 Qc8
28. Rxc7 Qxc7 29. Qxc7 Bxc7 30. Kf1 Kf8 31. Ke2 Ke7 32. Kd3 Kd7 33. Nd1 Kc6 34.
Nc3 Bd6 35. Kc2 Be7 36. Kd3 Bd6 37. f4 f5 38. Kc2 Be7 39. g3 Bd6 40. Kb3 Kd7
41. a4 Bc7 42. Nb1 Bd8 43. Nd2 Bf6 44. Nf3 h5 45. h4 Kc7 46. Ne1 Be7 1/2-1/2